Breve historia de la educación en Jalisco / (Record no. 6007)

MARC details
000 -CABECERA
campo de control de longitud fija 00564nam a2200181 a 4500
005 - FECHA Y HORA DE LA ÚLTIMA TRANSACCIÓN
campo de control 20210223120720.0
008 - ELEMENTOS DE LONGITUD FIJA--INFORMACIÓN GENERAL
campo de control de longitud fija 991125s1958 mx 000 0 spa u
035 ## - NÚMERO DE CONTROL DEL SISTEMA
Número de control de sistema UPN01000006007
049 ## - COLECCIÓN
Colección CG
050 #4 - SIGNATURA TOPOGRÁFICA DE LA BIBLIOTECA DEL CONGRESO
Número de clasificación LA429 J2
Número de documento/Ítem G3.2
100 1# - ASIENTO PRINCIPAL--NOMBRE PERSONAL
Nombre de persona García Ruiz, Ramón,
Fechas asociadas al nombre 1908-1995
9 (RLIN) 30394
245 10 - MENCIÓN DE TÍTULO
Título Breve historia de la educación en Jalisco /
Mención de responsabilidad, etc. Ramón García Ruiz.
260 ## - PUBLICACIÓN, DISTRIBUCIÓN, ETC.
Lugar de publicación, distribución, etc. México :
Nombre del editor, distribuidor, etc. SEP,
Fecha de publicación, distribución, etc. 1958.
300 ## - DESCRIPCIÓN FÍSICA
Extensión 54 p. :
Otras características físicas retrs.
506 ## - NOTA DE RESTRICCIONES AL ACCESO
Limitaciones de acceso También disponible en la Colección Medina
650 #4 - ASIENTO SECUNDARIO DE MATERIA - TERMINO TEMATICO
Término de materia o nombre geográfico como elemento de entrada EDUCACION -
Subdivisión geográfica JALISCO -
Subdivisión general HISTORIA
9 (RLIN) 14181
905 ## - TIPO DE MATERIAL
Tipo de material Libro
Holdings
Estado de retiro Estado de pérdida Fuente del sistema de clasificación o colocación Estado dañado No para préstamo Código de colección Localización permanente Ubicación/localización actual Ubicación en estantería Total de préstamos Clasificación Código de barras Fecha visto por última vez Número de copia Tipo de ítem Koha
    Library of Congress Classification   Colec. Medina Colección General Bib. Gregorio Torres Quintero Bib. Gregorio Torres Quintero Planta baja 1 LA429 J2 G3.2 102047 31/12/2020 1 Libro
    Library of Congress Classification     Colección General Bib. Gregorio Torres Quintero Bib. Gregorio Torres Quintero Planta baja   LA429 J2 G3.2 41759 31/12/2020 1 Libro
    Library of Congress Classification   Colec. Medina Colección General Bib. Gregorio Torres Quintero Bib. Gregorio Torres Quintero Planta baja   LA429 J2 G3.2 102048 31/12/2020 1 Libro